000 00631nam a2200241 i 4500
001 C2-0246766
003 PPAK
005 20180727211446.0
008 030325s1995 nyua|||| ||||| | eng d
020 _a0698115996
040 _aPPAK
_beng
_cPPAK
_erda
082 0 4 _a428.6
_223
090 0 0 _a428.6
_bSPE
_dK
100 1 _aSpeed, Toby,
_eauthor
245 1 0 _aTwo cool cows
264 1 _aNew York :
_bPaperStar Book ,
_c1995
300 _a[38 pages] :
_bcolour illustrations ;
_c26 cm
336 _2rdacontent
_atext
337 _2rdamedia
_aunmediated
338 _2rdacarrier
_avolume
650 1 0 _aReaders
942 _ddc
_cB
999 _c60668
_d60668